Globalizácia medzinárodnej bezpečnosti

Salvato in:
Dettagli Bibliografici
Autore principale: Škvrnda, František
Natura: Capitolo di libro
Lingua:slovacco
Tags: Aggiungi Tag
Nessun Tag, puoi essere il primo ad aggiungerne!!

MARC

LEADER 00000nla$a2200000$$$4500
001 0062986
005 20240502071722.9
041 0 |a slo 
044 |a SK 
245 1 0 |a Globalizácia medzinárodnej bezpečnosti  |c František Škvrnda 
100 1 |a Škvrnda, František